00674nam a2200241 a 4500001001300000003000900013005001700022008004100039020002300080082001500103100001600118245001800134260004600152300000900198500003500207505001000242650001800252700001600270902000800286942000700294952011600301999001500417nice12345678IN_TiNIC20260116012304.0050524s1985 newa grp 000 0 eng  a0947728 c25000a923.2bPAU aPaul, Swraj aIndira Gandhi aNew DelhibTime Books Internationalc1985 a128p aincludes index and biblioraphy2 aIndex aIndira Gandhi1 aPaul, Swraj bSRS cBK 001040708StackRoom-aHMIbHMId2007-06-06g250.00l0o923.2 PAUp012289r2007-06-06v250.00w2005-05-24yBK c6409d6409